000 00547nam a22001817a 4500
020 _a9789695623008
082 _a320.532
_bLEN
100 _aLenun,
245 _aSocialist Jamhooriat/
_cLenun,
260 _aLahore;
_bFiction House,
_c2019.
300 _a224p. :
_c25cm.
563 _aHB
650 _aDemocracy—Socialist aspects
_9129655
880 _6100-01\(3\r
_aلینن,
880 _6245-02\(3\r
_aسوشلسٹ جمہوریت/
_bلینن,
880 _6260-03\(3\r
_aلاہور ؛
_bفکشن ہاؤس،
_c2019.
942 _2ddc
_cBK
999 _c614245
_d614245